[Event "DVM U16 2023"]
[Site "Magdeburg GER"]
[Date "2023.12.30"]
[Round "7"]
[White "Bürger, Theodor"]
[Black "Widmann, Maximilian"]
[Result "1-0"]
[Termination "normal"]
[Board "9.3"]
[WhiteElo "1514"]
[BlackElo "1611"]
[WhiteClock "00:47:41"]
[BlackClock "00:01:23"]
[WhiteTeam "SC Bavaria Regensburg 1881"]
[BlackTeam "VfB Schach Leipzig"]
[PlyCount "147"]
[WhiteFideId "34640126"]
[BlackFideId "16281691"]
[EventCountry "GER"]
[EventRounds "7"]
[EventType "team-swiss"]
[EventDate "2023.12.26"]

1. e4 {[%clk 01:30:57]} {[%emt 00:00:02]} c6 {[%clk 01:30:51]} {[%emt
00:00:10]} 2. d4 {[%clk 01:31:21]} {[%emt 00:00:06]} d5 {[%clk 01:31:13]}
{[%emt 00:00:08]} 3. exd5 {[%clk 01:31:44]} {[%emt 00:00:08]} cxd5 {[%clk
01:31:36]} {[%emt 00:00:06]} 4. Bd3 {[%clk 01:31:56]} {[%emt 00:00:17]} Nc6
{[%clk 01:31:50]} {[%emt 00:00:16]} 5. c3 {[%clk 01:32:10]} {[%emt 00:00:16]}
Nf6 {[%clk 01:31:58]} {[%emt 00:00:23]} 6. h3 {[%clk 01:32:20]} {[%emt
00:00:20]} Qc7 {[%clk 01:31:49]} {[%emt 00:00:38]} 7. Nf3 {[%clk 01:32:35]}
{[%emt 00:00:14]} e6 {[%clk 01:31:21]} {[%emt 00:00:59]} 8. O-O {[%clk
01:32:33]} {[%emt 00:00:32]} h6 {[%clk 01:30:01]} {[%emt 00:01:50]} 9. Re1
{[%clk 01:31:32]} {[%emt 00:01:30]} Bd6 {[%clk 01:29:20]} {[%emt 00:01:11]} 10.
Be3 {[%clk 01:29:59]} {[%emt 00:02:04]} O-O {[%clk 01:28:06]} {[%emt 00:01:44]}
11. Nbd2 {[%clk 01:27:51]} {[%emt 00:02:38]} b6 {[%clk 01:25:37]} {[%emt
00:02:59]} 12. Nb3 {[%clk 01:27:40]} {[%emt 00:00:41]} Bb7 {[%clk 01:24:15]}
{[%emt 00:01:51]} 13. Rc1 {[%clk 01:27:51]} {[%emt 00:00:18]} Rac8 {[%clk
01:19:03]} {[%emt 00:05:44]} 14. Rc2 {[%clk 01:20:05]} {[%emt 00:08:16]} e5
{[%clk 01:04:26]} {[%emt 00:15:07]} 15. dxe5 {[%clk 01:19:57]} {[%emt
00:00:37]} Nxe5 {[%clk 01:00:48]} {[%emt 00:04:08]} 16. Nxe5 {[%clk 01:20:07]}
{[%emt 00:00:20]} Bxe5 {[%clk 01:01:01]} {[%emt 00:00:17]} 17. Nd4 {[%clk
01:20:06]} {[%emt 00:00:27]} Bxd4 {[%clk 00:30:19]} {[%emt 00:31:15]} 18. Bxd4
{[%clk 01:18:37]} {[%emt 00:01:59]} Qd6 {[%clk 00:21:20]} {[%emt 00:09:30]} 19.
Qf3 {[%clk 01:17:48]} {[%emt 00:01:19]} Ne4 {[%clk 00:15:02]} {[%emt 00:06:48]}
20. Qf5 {[%clk 01:15:17]} {[%emt 00:03:00]} Qe6 {[%clk 00:13:01]} {[%emt
00:02:31]} 21. Qf4 {[%clk 01:09:51]} {[%emt 00:05:56]} g5 {[%clk 00:11:57]}
{[%emt 00:01:35]} 22. Qc1 {[%clk 01:06:58]} {[%emt 00:03:10]} Qd7 {[%clk
00:08:42]} {[%emt 00:03:57]} 23. f3 {[%clk 01:05:38]} {[%emt 00:01:51]} Nc5
{[%clk 00:08:00]} {[%emt 00:01:12]} 24. Bf1 {[%clk 01:05:23]} {[%emt 00:00:45]}
Rce8 {[%clk 00:07:40]} {[%emt 00:00:50]} 25. Rd1 {[%clk 01:02:56]} {[%emt
00:02:58]} Re6 {[%clk 00:05:03]} {[%emt 00:03:07]} 26. b4 {[%clk 01:02:54]}
{[%emt 00:00:31]} Na6 {[%clk 00:04:37]} {[%emt 00:00:56]} 27. Bd3 {[%clk
01:02:36]} {[%emt 00:00:48]} f5 {[%clk 00:04:38]} {[%emt 00:00:28]} 28. Rf2
{[%clk 01:02:01]} {[%emt 00:01:05]} f4 {[%clk 00:04:01]} {[%emt 00:01:08]} 29.
Qc2 {[%clk 01:01:53]} {[%emt 00:00:37]} Qf7 {[%clk 00:02:22]} {[%emt 00:02:10]}
30. a4 {[%clk 01:01:59]} {[%emt 00:00:23]} Nc7 {[%clk 00:02:26]} {[%emt
00:00:26]} 31. c4 {[%clk 01:01:13]} {[%emt 00:01:16]} Re7 {[%clk 00:01:50]}
{[%emt 00:01:06]} 32. Bg6 {[%clk 00:58:39]} {[%emt 00:03:03]} Qe6 {[%clk
00:01:57]} {[%emt 00:00:24]} 33. Re2 {[%clk 00:57:50]} {[%emt 00:01:19]} Qd7
{[%clk 00:01:20]} {[%emt 00:01:07]} 34. Bh5 {[%clk 00:54:06]} {[%emt 00:04:12]}
Ne6 {[%clk 00:00:38]} {[%emt 00:01:14]} 35. Bb2 {[%clk 00:52:37]} {[%emt
00:01:58]} d4 {[%clk 00:00:37]} {[%emt 00:00:32]} 36. Qg6+ {[%clk 00:52:25]}
{[%emt 00:00:40]} Ng7 {[%clk 00:00:42]} {[%emt 00:00:28]} 37. Rxe7 {[%clk
00:51:27]} {[%emt 00:01:26]} Qxe7 {[%clk 00:01:10]} {[%emt 00:00:02]} 38. Bxd4
{[%clk 00:50:46]} {[%emt 00:01:12]} Rd8 {[%clk 00:00:46]} {[%emt 00:00:54]} 39.
Kf1 {[%clk 00:47:07]} {[%emt 00:04:08]} Bc8 {[%clk 00:00:38]} {[%emt 00:00:40]}
40. Qxh6 {[%clk 00:41:41]} {[%emt 00:05:56]} Be6 {[%clk 00:00:34]} {[%emt
00:00:33]} 41. Kg1 {[%clk 00:27:49]} {[%emt 00:14:22]} Bxc4 {[%clk 00:13:13]}
{[%emt 00:17:51]} 42. Kh2 {[%clk 00:56:49]} {[%emt 00:01:30]} Rxd4 {[%clk
00:02:57]} {[%emt 00:10:46]} 43. Rxd4 {[%clk 00:56:04]} {[%emt 00:01:14]} Nxh5
{[%clk 00:02:37]} {[%emt 00:00:51]} 44. Rxc4 {[%clk 00:55:16]} {[%emt
00:01:18]} Ng7 {[%clk 00:00:46]} {[%emt 00:02:21]} 45. Qg6 {[%clk 00:54:45]}
{[%emt 00:00:58]} Kf8 {[%clk 00:00:44]} {[%emt 00:00:34]} 46. Rc8+ {[%clk
00:54:43]} {[%emt 00:00:31]} Ne8 {[%clk 00:01:11]} {[%emt 00:00:04]} 47. Qh6+
{[%clk 00:53:56]} {[%emt 00:01:15]} Kg8 {[%clk 00:01:10]} {[%emt 00:00:33]} 48.
Rxe8+ {[%clk 00:53:11]} {[%emt 00:01:15]} Qxe8 {[%clk 00:01:36]} {[%emt
00:00:04]} 49. Qxg5+ {[%clk 00:53:31]} {[%emt 00:00:10]} Kh7 {[%clk 00:01:34]}
{[%emt 00:00:32]} 50. b5 {[%clk 00:53:12]} {[%emt 00:00:47]} Qf8 {[%clk
00:01:31]} {[%emt 00:00:34]} 51. h4 {[%clk 00:53:15]} {[%emt 00:00:27]} Qb4
{[%clk 00:01:10]} {[%emt 00:00:52]} 52. Qf5+ {[%clk 00:53:26]} {[%emt
00:00:18]} Kh6 {[%clk 00:01:11]} {[%emt 00:00:31]} 53. Qf6+ {[%clk 00:53:36]}
{[%emt 00:00:16]} Kh7 {[%clk 00:01:31]} {[%emt 00:00:13]} 54. Qf7+ {[%clk
00:53:44]} {[%emt 00:00:21]} Kh8 {[%clk 00:01:35]} {[%emt 00:00:27]} 55. Qxa7
{[%clk 00:53:45]} {[%emt 00:00:29]} Qd6 {[%clk 00:01:45]} {[%emt 00:00:20]} 56.
Qa8+ {[%clk 00:53:41]} {[%emt 00:00:32]} Kh7 {[%clk 00:01:10]} {[%emt
00:01:07]} 57. Qe4+ {[%clk 00:53:06]} {[%emt 00:01:05]} Kg7 {[%clk 00:01:04]}
{[%emt 00:00:36]} 58. Kh3 {[%clk 00:53:02]} {[%emt 00:00:33]} Qd7+ {[%clk
00:00:44]} {[%emt 00:00:51]} 59. g4 {[%clk 00:53:00]} {[%emt 00:00:32]} Qd1
{[%clk 00:00:42]} {[%emt 00:00:32]} 60. Qb7+ {[%clk 00:52:06]} {[%emt
00:01:23]} Kg8 {[%clk 00:00:40]} {[%emt 00:00:33]} 61. g5 {[%clk 00:51:43]}
{[%emt 00:00:52]} Qg1 {[%clk 00:00:35]} {[%emt 00:00:36]} 62. Qb8+ {[%clk
00:50:06]} {[%emt 00:02:07]} Kg7 {[%clk 00:00:44]} {[%emt 00:00:21]} 63. Qxf4
{[%clk 00:49:49]} {[%emt 00:00:45]} Qf1+ {[%clk 00:00:48]} {[%emt 00:00:28]}
64. Kg4 {[%clk 00:49:46]} {[%emt 00:00:32]} Qg1+ {[%clk 00:00:53]} {[%emt
00:00:26]} 65. Kh5 {[%clk 00:49:30]} {[%emt 00:00:45]} Qc5 {[%clk 00:00:57]}
{[%emt 00:00:26]} 66. Qf6+ {[%clk 00:49:30]} {[%emt 00:00:29]} Kg8 {[%clk
00:01:09]} {[%emt 00:00:19]} 67. Kg6 {[%clk 00:49:13]} {[%emt 00:00:47]} Qc7
{[%clk 00:00:45]} {[%emt 00:00:54]} 68. Kh5 {[%clk 00:47:46]} {[%emt 00:01:57]}
Qc5 {[%clk 00:00:40]} {[%emt 00:00:36]} 69. Kh6 {[%clk 00:47:28]} {[%emt
00:00:48]} Qc7 {[%clk 00:00:42]} {[%emt 00:00:27]} 70. g6 {[%clk 00:47:27]}
{[%emt 00:00:32]} Qc1+ {[%clk 00:00:41]} {[%emt 00:00:32]} 71. f4 {[%clk
00:47:24]} {[%emt 00:00:33]} Qc7 {[%clk 00:00:38]} {[%emt 00:00:33]} 72. Qf7+
{[%clk 00:47:13]} {[%emt 00:00:39]} Qxf7 {[%clk 00:00:54]} {[%emt 00:00:16]}
73. gxf7+ {[%clk 00:47:41]} {[%emt 00:00:02]} Kxf7 {[%clk 00:01:23]} 74. a5
{[%emt 00:01:23]} 1-0

[Event "DVM U16 2023"]
[Site "Magdeburg GER"]
[Date "2023.12.30"]
[Round "7"]
[White "Schulz, Moritz"]
[Black "Slutski, Daniel"]
[Result "1-0"]
[Termination "normal"]
[Board "9.4"]
[WhiteElo "1449"]
[BlackElo "1324"]
[WhiteClock "00:37:23"]
[BlackClock "00:41:59"]
[WhiteTeam "VfB Schach Leipzig"]
[BlackTeam "SC Bavaria Regensburg 1881"]
[PlyCount "51"]
[WhiteFideId "34681680"]
[BlackFideId "16292154"]
[EventCountry "GER"]
[EventRounds "7"]
[EventType "team-swiss"]
[EventDate "2023.12.26"]

1. e4 {[%emt 12:15:35]} c6 {[%clk 01:30:38]} {[%emt 00:00:08]} 2. d4 {[%clk
01:30:52]} {[%emt 00:00:33]} d5 {[%clk 01:30:39]} {[%emt 00:00:30]} 3. Nc3
{[%clk 01:30:45]} {[%emt 00:00:35]} dxe4 {[%clk 01:30:37]} {[%emt 00:00:33]} 4.
Nxe4 {[%clk 01:30:26]} {[%emt 00:00:49]} Nf6 {[%clk 01:30:25]} {[%emt
00:00:43]} 5. Nxf6+ {[%clk 01:29:57]} {[%emt 00:00:58]} exf6 {[%clk 01:30:08]}
{[%emt 00:00:46]} 6. c3 {[%clk 01:29:30]} {[%emt 00:00:57]} Bd6 {[%clk
01:30:03]} {[%emt 00:00:35]} 7. Bd3 {[%clk 01:28:57]} {[%emt 00:01:04]} O-O
{[%clk 01:28:20]} {[%emt 00:02:13]} 8. Ne2 {[%clk 01:28:34]} {[%emt 00:00:53]}
Re8 {[%clk 01:26:35]} {[%emt 00:02:15]} 9. O-O {[%clk 01:27:26]} {[%emt
00:01:38]} Nd7 {[%clk 01:25:09]} {[%emt 00:01:55]} 10. Qc2 {[%clk 01:25:36]}
{[%emt 00:02:20]} h5 {[%clk 01:24:07]} {[%emt 00:01:33]} 11. Bd2 {[%clk
01:24:15]} {[%emt 00:01:51]} Nf8 {[%clk 01:22:22]} {[%emt 00:02:22]} 12. Rae1
{[%clk 01:22:08]} {[%emt 00:02:30]} Qc7 {[%clk 01:21:03]} {[%emt 00:01:50]} 13.
f4 {[%clk 01:19:11]} {[%emt 00:03:27]} Bg4 {[%clk 01:17:42]} {[%emt 00:03:52]}
14. h3 {[%clk 01:14:59]} {[%emt 00:04:42]} Bxe2 {[%emt 00:06:58]} 15. Rxe2
{[%clk 01:14:16]} Rxe2 {[%clk 01:11:25]} {[%emt 00:01:30]} 16. Bxe2 {[%clk
01:14:25]} {[%emt 00:00:21]} Ne6 {[%clk 01:04:45]} {[%emt 00:07:12]} 17. Qf5
{[%clk 01:08:09]} {[%emt 00:06:45]} Re8 {[%clk 01:01:54]} {[%emt 00:03:21]} 18.
Bd3 {[%clk 01:00:04]} {[%emt 00:08:35]} Kf8 {[%clk 00:56:38]} {[%emt 00:05:46]}
19. Qxh5 {[%clk 00:50:16]} {[%emt 00:10:17]} Bxf4 {[%clk 00:51:49]} {[%emt
00:05:20]} 20. Bxf4 {[%clk 00:49:08]} {[%emt 00:01:38]} Nxf4 {[%clk 00:51:41]}
{[%emt 00:00:38]} 21. Qh8+ {[%clk 00:49:02]} {[%emt 00:00:34]} Ke7 {[%clk
00:51:01]} {[%emt 00:01:12]} 22. Re1+ {[%clk 00:49:04]} {[%emt 00:00:28]} Ne6
{[%clk 00:49:51]} {[%emt 00:01:40]} 23. Qxg7 {[%clk 00:49:02]} {[%emt
00:00:32]} Qf4 {[%clk 00:45:21]} {[%emt 00:05:01]} 24. Bc4 {[%clk 00:42:18]}
{[%emt 00:07:13]} Kd8 {[%clk 00:42:09]} {[%emt 00:03:43]} 25. Qxf7 {[%clk
00:39:33]} {[%emt 00:03:14]} Nc7 {[%clk 00:41:59]} {[%emt 00:00:40]} 26. Rf1
{[%clk 00:37:23]} {[%emt 00:02:04]} 1-0

[Event "DVM U16 2023"]
[Site "Magdeburg GER"]
[Date "2023.12.30"]
[Round "7"]
[White "Trenz, Finn"]
[Black "Bergmann, Lennart"]
[Result "1-0"]
[Termination "normal"]
[Board "10.1"]
[WhiteElo "1884"]
[BlackElo "1612"]
[WhiteClock "00:16:29"]
[BlackClock "00:28:41"]
[WhiteTeam "SV Multatuli Ingelheim"]
[BlackTeam "VSG 1880 Offenbach"]
[PlyCount "111"]
[WhiteFideId "16279379"]
[BlackFideId "16270657"]
[EventCountry "GER"]
[EventRounds "7"]
[EventType "team-swiss"]
[EventDate "2023.12.26"]

1. e4 {[%clk 01:30:58]} c5 {[%clk 01:30:46]} {[%emt 00:00:14]} 2. Nc3 {[%clk
01:31:23]} {[%emt 00:00:05]} g6 {[%clk 01:31:08]} {[%emt 00:00:08]} 3. f4
{[%clk 01:22:23]} {[%emt 00:09:30]} Bg7 {[%clk 01:31:24]} {[%emt 00:00:12]} 4.
g3 {[%clk 01:21:11]} {[%emt 00:01:45]} Nc6 {[%clk 01:26:44]} {[%emt 00:05:09]}
5. d3 {[%clk 01:19:36]} {[%emt 00:02:06]} d6 {[%clk 01:20:21]} {[%emt
00:06:53]} 6. Nge2 {[%clk 01:17:17]} {[%emt 00:02:49]} e6 {[%clk 01:18:58]}
{[%emt 00:01:53]} 7. Bg2 {[%clk 01:09:33]} {[%emt 00:08:14]} Nge7 {[%clk
01:19:00]} {[%emt 00:00:26]} 8. Be3 {[%clk 01:04:23]} {[%emt 00:05:41]} Nd4
{[%clk 01:15:03]} {[%emt 00:04:27]} 9. O-O {[%clk 00:59:04]} {[%emt 00:05:49]}
O-O {[%clk 01:12:57]} {[%emt 00:02:36]} 10. Qd2 {[%clk 00:52:15]} {[%emt
00:07:20]} Rb8 {[%clk 01:08:48]} {[%emt 00:04:38]} 11. Nc1 {[%clk 00:48:20]}
{[%emt 00:04:25]} b5 {[%clk 01:06:28]} {[%emt 00:02:51]} 12. Nd1 {[%clk
00:48:13]} {[%emt 00:00:37]} f5 {[%clk 01:02:53]} {[%emt 00:04:05]} 13. c3
{[%emt 00:02:23]} fxe4 {[%clk 01:00:39]} {[%emt 00:02:00]} 14. cxd4 {[%clk
00:37:27]} {[%emt 00:10:07]} cxd4 {[%clk 01:01:02]} {[%emt 00:00:07]} 15. dxe4
{[%clk 00:37:32]} {[%emt 00:00:24]} dxe3 {[%clk 01:01:19]} {[%emt 00:00:13]}
16. Nxe3 {[%clk 00:37:49]} {[%emt 00:00:14]} Qb6 {[%clk 00:57:13]} {[%emt
00:04:35]} 17. Re1 {[%clk 00:35:41]} {[%emt 00:02:39]} Bb7 {[%clk 00:56:23]}
{[%emt 00:01:19]} 18. Nb3 {[%clk 00:28:37]} {[%emt 00:07:34]} d5 {[%clk
00:49:10]} {[%emt 00:07:44]} 19. e5 {[%clk 00:27:49]} {[%emt 00:01:18]} Rfd8
{[%clk 00:42:39]} {[%emt 00:07:01]} 20. Qd4 {[%clk 00:24:03]} {[%emt 00:04:15]}
Nc6 {[%clk 00:36:03]} {[%emt 00:07:07]} 21. Qxb6 {[%clk 00:19:14]} {[%emt
00:05:19]} axb6 {[%clk 00:36:32]} {[%emt 00:00:02]} 22. Red1 {[%clk 00:13:45]}
{[%emt 00:05:58]} Bf8 {[%clk 00:36:15]} {[%emt 00:00:46]} 23. Rac1 {[%clk
00:13:50]} {[%emt 00:00:26]} b4 {[%clk 00:33:20]} {[%emt 00:03:25]} 24. Nc2
{[%clk 00:06:24]} {[%emt 00:07:55]} Ra8 {[%clk 00:28:58]} {[%emt 00:04:53]} 25.
Ncd4 {[%clk 00:06:17]} {[%emt 00:00:37]} Nxd4 {[%clk 00:27:20]} {[%emt
00:02:08]} 26. Nxd4 {[%clk 00:06:20]} {[%emt 00:00:27]} Bc5 {[%clk 00:27:41]}
{[%emt 00:00:08]} 27. Bh3 {[%clk 00:05:16]} {[%emt 00:01:35]} Bc8 {[%clk
00:24:49]} {[%emt 00:03:22]} 28. Kf1 {[%clk 00:05:24]} {[%emt 00:00:21]} Kf7
{[%clk 00:23:12]} {[%emt 00:02:08]} 29. Nb3 {[%clk 00:03:31]} {[%emt 00:02:23]}
Ba6+ {[%clk 00:18:09]} {[%emt 00:05:33]} 30. Ke1 {[%clk 00:03:12]} {[%emt
00:00:50]} Rac8 {[%clk 00:17:02]} {[%emt 00:01:36]} 31. Nd4 {[%clk 00:02:36]}
{[%emt 00:01:06]} Bxd4 {[%clk 00:17:15]} {[%emt 00:00:18]} 32. Rxc8 {[%clk
00:03:00]} {[%emt 00:00:06]} Rxc8 {[%clk 00:17:43]} {[%emt 00:00:02]} 33. Rxd4
{[%clk 00:03:18]} {[%emt 00:00:11]} Rc1+ {[%clk 00:17:31]} {[%emt 00:00:43]}
34. Rd1 {[%clk 00:03:24]} {[%emt 00:00:25]} Rc4 {[%clk 00:17:26]} {[%emt
00:00:34]} 35. Kd2 {[%clk 00:01:32]} {[%emt 00:02:22]} Ke7 {[%clk 00:14:17]}
{[%emt 00:03:38]} 36. Rc1 {[%clk 00:01:02]} {[%emt 00:01:00]} Rd4+ {[%clk
00:12:55]} {[%emt 00:01:52]} 37. Kc2 {[%clk 00:01:22]} {[%emt 00:00:11]} Bd3+
{[%clk 00:11:32]} {[%emt 00:01:52]} 38. Kb3 {[%clk 00:01:43]} {[%emt 00:00:10]}
Bc4+ {[%clk 00:11:03]} {[%emt 00:00:59]} 39. Kc2 {[%clk 00:02:08]} {[%emt
00:00:05]} Bxa2 {[%clk 00:09:40]} {[%emt 00:01:53]} 40. b3 {[%clk 00:02:17]}
{[%emt 00:00:22]} Kd7 {[%clk 00:01:05]} {[%emt 00:09:04]} 41. Kb2 {[%clk
00:29:55]} {[%emt 00:08:57]} h5 {[%clk 00:31:04]} {[%emt 00:00:31]} 42. Rc2
{[%clk 00:28:50]} {[%emt 00:01:34]} Bxb3 {[%clk 00:31:12]} {[%emt 00:00:22]}
43. Kxb3 {[%clk 00:29:13]} {[%emt 00:00:07]} h4 {[%clk 00:31:39]} {[%emt
00:00:03]} 44. Bf1 {[%clk 00:28:34]} {[%emt 00:01:09]} Re4 {[%clk 00:30:57]}
{[%emt 00:01:12]} 45. Bb5+ {[%clk 00:27:24]} {[%emt 00:01:39]} Kd8 {[%clk
00:30:28]} {[%emt 00:00:59]} 46. Rc6 {[%clk 00:27:03]} {[%emt 00:00:51]} hxg3
{[%clk 00:30:42]} {[%emt 00:00:17]} 47. hxg3 {[%clk 00:27:27]} {[%emt
00:00:06]} g5 {[%clk 00:31:03]} {[%emt 00:00:09]} 48. Rxe6 {[%clk 00:23:35]}
{[%emt 00:04:22]} gxf4 {[%clk 00:30:26]} {[%emt 00:01:08]} 49. gxf4 {[%clk
00:23:06]} {[%emt 00:00:58]} Rxf4 {[%clk 00:30:40]} {[%emt 00:00:17]} 50. Rd6+
{[%clk 00:20:10]} {[%emt 00:03:26]} Ke7 {[%clk 00:31:05]} {[%emt 00:00:05]} 51.
Rxd5 {[%clk 00:20:06]} {[%emt 00:00:34]} Rf5 {[%clk 00:29:58]} {[%emt
00:01:37]} 52. Bc4 {[%clk 00:19:53]} {[%emt 00:00:44]} Ke6 {[%clk 00:29:21]}
{[%emt 00:01:06]} 53. Rb5+ {[%clk 00:20:13]} {[%emt 00:00:10]} Ke7 {[%clk
00:29:37]} {[%emt 00:00:13]} 54. Kxb4 {[%clk 00:20:36]} {[%emt 00:00:08]} Rg5
{[%clk 00:28:30]} {[%emt 00:01:37]} 55. e6 {[%clk 00:20:43]} {[%emt 00:00:23]}
Rxb5+ {[%clk 00:28:41]} {[%emt 00:00:19]} 56. Kxb5 {[%clk 00:16:29]} {[%emt
00:00:06]} 1-0

[Event "DVM U16 2023"]
[Site "Magdeburg GER"]
[Date "2023.12.30"]
[Round "7"]
[White "Werner, Florin"]
[Black "Colditz, Elias"]
[Result "1-0"]
[Termination "normal"]
[Board "10.2"]
[WhiteElo "1701"]
[BlackElo "1706"]
[WhiteClock "00:02:25"]
[BlackClock "00:01:37"]
[WhiteTeam "VSG 1880 Offenbach"]
[BlackTeam "SV Multatuli Ingelheim"]
[PlyCount "77"]
[WhiteFideId "16250230"]
[BlackFideId "16298039"]
[EventCountry "GER"]
[EventRounds "7"]
[EventType "team-swiss"]
[EventDate "2023.12.26"]

1. e4 {[%clk 01:30:56]} {[%emt 00:00:04]} c5 {[%clk 01:30:56]} {[%emt
00:00:05]} 2. Nf3 {[%clk 01:31:19]} {[%emt 00:00:06]} g6 {[%clk 01:31:15]}
{[%emt 00:00:11]} 3. d4 {[%clk 01:31:44]} {[%emt 00:00:04]} cxd4 {[%clk
01:31:40]} {[%emt 00:00:06]} 4. Nxd4 {[%clk 01:32:10]} {[%emt 00:00:03]} Nc6
{[%clk 01:31:18]} {[%emt 00:00:53]} 5. Nc3 {[%clk 01:32:28]} {[%emt 00:00:12]}
Bg7 {[%clk 01:31:25]} {[%emt 00:00:23]} 6. Be3 {[%clk 01:32:44]} {[%emt
00:00:14]} Nf6 {[%clk 01:30:55]} {[%emt 00:01:00]} 7. f3 {[%clk 01:28:08]}
{[%emt 00:05:05]} O-O {[%clk 01:30:52]} {[%emt 00:00:34]} 8. Qd2 {[%clk
01:28:27]} {[%emt 00:00:11]} d5 {[%clk 01:29:18]} {[%emt 00:02:04]} 9. exd5
{[%clk 01:28:26]} {[%emt 00:00:31]} Nxd5 {[%clk 01:29:26]} {[%emt 00:00:21]}
10. Nxc6 {[%clk 01:28:43]} {[%emt 00:00:14]} bxc6 {[%clk 01:29:20]} {[%emt
00:00:36]} 11. Bd4 {[%clk 01:29:06]} {[%emt 00:00:08]} e5 {[%clk 01:11:29]}
{[%emt 00:18:21]} 12. Bc5 {[%clk 01:29:29]} {[%emt 00:00:07]} Re8 {[%clk
01:11:50]} {[%emt 00:00:09]} 13. Ne4 {[%clk 01:29:46]} {[%emt 00:00:14]} Be6
{[%clk 01:03:25]} {[%emt 00:08:54]} 14. Ba6 {[%clk 01:00:10]} {[%emt 00:30:06]}
Qc7 {[%clk 00:57:58]} {[%emt 00:05:57]} 15. O-O-O {[%clk 00:50:05]} {[%emt
00:10:35]} Red8 {[%clk 00:53:23]} {[%emt 00:05:05]} 16. g3 {[%clk 00:44:14]}
{[%emt 00:06:21]} f5 {[%clk 00:38:07]} {[%emt 00:15:47]} 17. Ng5 {[%clk
00:41:59]} {[%emt 00:02:44]} Bf7 {[%clk 00:24:07]} {[%emt 00:14:29]} 18. Nxf7
{[%clk 00:36:05]} {[%emt 00:06:25]} Kxf7 {[%clk 00:22:16]} {[%emt 00:02:21]}
19. h4 {[%clk 00:26:15]} {[%emt 00:10:20]} Ne7 {[%clk 00:17:04]} {[%emt
00:05:41]} 20. Qc3 {[%clk 00:17:31]} {[%emt 00:09:14]} Nd5 {[%clk 00:12:39]}
{[%emt 00:04:56]} 21. Qd2 {[%clk 00:16:29]} {[%emt 00:01:32]} h6 {[%clk
00:10:55]} {[%emt 00:02:14]} 22. h5 {[%clk 00:12:46]} {[%emt 00:04:13]} g5
{[%clk 00:09:57]} {[%emt 00:01:29]} 23. Qd3 {[%clk 00:11:48]} {[%emt 00:01:28]}
Ne7 {[%clk 00:08:48]} {[%emt 00:01:39]} 24. Qb3+ {[%clk 00:11:24]} {[%emt
00:00:53]} Nd5 {[%clk 00:05:10]} {[%emt 00:04:08]} 25. Qb7 {[%clk 00:04:14]}
{[%emt 00:07:39]} Rab8 {[%clk 00:03:43]} {[%emt 00:01:58]} 26. Qxc7+ {[%clk
00:04:10]} {[%emt 00:00:35]} Nxc7 {[%clk 00:04:12]} 27. Rxd8 {[%clk 00:04:33]}
{[%emt 00:00:06]} Rxd8 {[%clk 00:04:33]} {[%emt 00:00:08]} 28. Bb7 {[%clk
00:04:56]} {[%emt 00:00:08]} Ne6 {[%clk 00:04:33]} {[%emt 00:00:31]} 29. Bf2
{[%clk 00:04:11]} {[%emt 00:01:14]} c5 {[%clk 00:03:54]} {[%emt 00:01:09]} 30.
Rd1 {[%clk 00:04:14]} {[%emt 00:00:26]} Rxd1+ {[%clk 00:02:38]} {[%emt
00:01:46]} 31. Kxd1 {[%clk 00:04:19]} {[%emt 00:00:26]} Ke7 {[%clk 00:02:29]}
{[%emt 00:00:38]} 32. Bc8 {[%clk 00:04:07]} {[%emt 00:00:43]} Bf8 {[%clk
00:02:28]} {[%emt 00:00:32]} 33. c3 {[%clk 00:03:42]} {[%emt 00:00:55]} Kf6
{[%clk 00:02:21]} {[%emt 00:00:36]} 34. Kd2 {[%clk 00:03:28]} {[%emt 00:00:44]}
Nc7 {[%clk 00:01:23]} {[%emt 00:01:28]} 35. Kd3 {[%clk 00:03:24]} {[%emt
00:00:34]} Bd6 {[%clk 00:01:21]} {[%emt 00:00:32]} 36. Kc4 {[%clk 00:02:01]}
{[%emt 00:01:52]} e4 {[%clk 00:01:16]} {[%emt 00:00:35]} 37. fxe4 {[%clk
00:01:46]} {[%emt 00:00:45]} fxe4 {[%clk 00:01:37]} {[%emt 00:00:09]} 38. g4
{[%clk 00:02:04]} {[%emt 00:00:12]} Ke5 {[%clk 00:01:37]} {[%emt 00:00:30]} 39.
Bg3+ {[%clk 00:02:25]} {[%emt 00:00:09]} 1-0